MLB Top 100 All-Time: Putouts - Statistics

General Stats
  • This quiz has been taken 239 times
    91 since last reset
  • The average score is 32 of 100
Answer Stats
# Fielder POs % Correct
9 Lou Gehrig 19,525
84%
27 Albert Pujols 17,617
71%
95 Pete Rose 12,394
71%
29 Jeff Bagwell 17,546
70%
24 Keith Hernandez 17,916
69%
4 Eddie Murray 21,265
68%
93 Stan Musial 12,439
65%
79 Lee May 13,029
64%
15 Todd Helton 18,905
64%
25 Jimmie Foxx 17,797
62%
96 Ryan Howard 12,351
62%
12 Steve Garvey 19,004
62%
50 Tino Martinez 15,001
62%
28 Willie McCovey 17,567
62%
60 Don Mattingly 14,270
61%
48 Tony Pérez 15,127
61%
13 Fred McGriff 18,985
60%
40 Harry Davis 15,866
60%
36 John Olerud 16,165
58%
59 Mark McGwire 14,464
58%
51 Mark Teixeira 14,989
58%
22 Rafael Palmeiro 18,128
58%
52 Adrián González 14,983
57%
17 Mark Grace 18,503
57%
21 Andrés Galarraga 18,244
56%
31 Freddie Freeman 16,844
56%
32 Will Clark 16,695
56%
61 Ernie Banks 14,206
53%
53 Iván Rodríguez 14,922
53%
70 Rod Carew 13,510
53%
49 Bill Buckner 15,126
52%
2 Cap Anson 22,572
52%
72 Cecil Cooper 13,361
52%
35 Paul Goldschmidt 16,329
52%
39 Paul Konerko 15,965
48%
75 Anthony Rizzo 13,128
47%
45 Carlos Delgado 15,236
47%
85 Boog Powell 12,796
45%
57 Joey Votto 14,736
45%
66 Kent Hrbek 13,725
44%
41 Gil Hodges 15,722
43%
54 Derrek Lee 14,910
42%
92 Gary Carter 12,490
42%
55 Johnny Mize 14,862
42%
56 Orlando Cepeda 14,829
42%
14 George Sisler 18,914
36%
26 Chris Chambliss 17,771
35%
1 Jake Beckley 23,767
35%
80 Bill White 13,015
32%
19 Jim Bottomley 18,337
30%
47 Norm Cash 15,173
30%
62 Eric Karros 14,056
29%
37 Wally Joyner 16,081
29%
38 Bill Terry 15,999
26%
89 Eric Hosmer 12,555
23%
43 George Scott 15,601
21%
83 J.T. Snow 12,855
21%
46 Yadier Molina 15,232
21%
69 Carlos Santana 13,565
19%
16 Wally Pipp 18,779
19%
58 High Pockets Kelly 14,690
18%
33 Dan Brouthers 16,443
17%
74 John Mayberry 13,169
17%
23 Roger Connor 18,115
17%
86 Ted Kluszewski 12,652
17%
8 Jake Daubert 19,634
14%
11 Joe Judge 19,265
14%
68 Joe Adcock 13,678
13%
30 George Burns 16,970
12%
7 Mickey Vernon 19,819
12%
67 Dolph Camilli 13,724
9%
T64 Frank McCormick 13,803
8%
18 Hal Chase 18,346
8%
100 Hal Trosky 12,125
8%
94 Phil Cavarretta 12,435
8%
97 Rudy York 12,308
6%
6 Stuffy McInnis 20,120
6%
5 Charlie Grimm 20,722
5%
20 Fred Tenney 18,278
5%
77 Gus Suhr 13,104
5%
3 Ed Konetchy 21,378
4%
90 Jack Fournier 12,535
4%
78 Jason Kendall 13,067
4%
10 Joe Kuhel 19,386
4%
99 Walter Holke 12,158
4%
44 Fred Merkle 15,513
3%
71 George McQuinn 13,414
3%
42 Lu Blue 15,647
3%
87 A.J. Pierzynski 12,600
1%
82 Brad Ausmus 12,856
1%
98 Brian McCann 12,165
1%
T64 Dan McGann 13,803
1%
34 Tommy Tucker 16,433
1%
91 Candy LaChance 12,506
0%
63 Charlie Comiskey 13,900
0%
88 Dick Hoblitzell 12,591
0%
73 Elbie Fletcher 13,237
0%
76 Fred Luderus 13,126
0%
81 George Stovall 12,899
0%
84 Kitty Bransfield 12,805
0%
No matching quizzes found
Score Distribution
Percent of People with Each Score
Percentile by Number Answered
Your Score History
You have not taken this quiz since the last reset